US, UK, or Australia? - Music Artists - Statistics

General Stats
  • This quiz has been taken 118 times
  • The average score is 12 of 15
Answer Stats
Question Answer % Correct
Queen United Kingdom
100%
Kendrick Lamar United States
100%
Beyoncé United States
98%
Olivia Rodrigo United States
98%
Adele United Kingdom
90%
Lewis Capaldi United Kingdom
88%
Bad Bunny United States
85%
Kylie Minogue Australia
78%
Led Zeppelin United Kingdom
76%
AC/DC Australia
73%
Dua Lipa United Kingdom
73%
Gotye Australia
68%
Tame Impala Australia
66%
Van Morrison United Kingdom
44%
Talking Heads United States
34%
No matching quizzes found
Score Distribution
Percent of People with Each Score
Percentile by Number Answered
Your Score History
You have not taken this quiz